| 000 | 00537nam a2200181Ia 4500 | ||
|---|---|---|---|
| 008 | 151213s9999 xx 000 0 und d | ||
| 020 | _a978-81203-3897-5 | ||
| 082 |
_a658.15 _b658.15 |
||
| 100 | _aJames C.Van Horne,John M.wachowicz | ||
| 245 |
_aFundamentals of Financial Management _cJames C.Van Horne,John M.wachowicz |
||
| 250 | _a13th | ||
| 260 |
_aNew Delhi _bPHI Learning Private Ltd. _c2009 |
||
| 300 | _a11109 p. | ||
| 650 | _aFinance | ||
| 650 | _aFinance | ||
| 700 | _aJames C.Van Horne,John M.wachowicz | ||
| 999 |
_c4979 _d4979 |
||